000 00356nam a2200145 a 4500
008
100 _aCloughton david
245 0 _aRiley on business interruption insurance
907 _a.b10091373
_b17-11-03
_c17-11-03
003
005 20230123133444.0
040 _cNUST
049 _aMAIN
942 _cBOOKS
999 _c148877
_d148877